Implementing Macroprudential Policy : Selected Legal Issues.

As countries design and implement macroprudential policies, they face the challenge of determining what-if any-changes need to be made to their legal and institutional framework to ensure that these policies are effective. Based on a review of experience, it is clear that there are a variety of appr...

Description complète

Détails bibliographiques
Collectivité auteur: International Monetary Fund
Format: Revue
Langue:English
Publié: Washington, D.C. : International Monetary Fund, 2013.
Collection:Policy Papers; Policy Paper ; No. 2013/053
Accès en ligne:Full text available on IMF
LEADER 01873cas a2200241 a 4500
001 AALejournalIMF020377
008 230101c9999 xx r poo 0 0eng d
020 |c 5.00 USD 
020 |z 9781498341653 
022 |a 2663-3493 
040 |a BD-DhAAL  |c BD-DhAAL 
110 2 |a International Monetary Fund. 
245 1 0 |a Implementing Macroprudential Policy :   |b Selected Legal Issues. 
264 1 |a Washington, D.C. :  |b International Monetary Fund,  |c 2013. 
300 |a 1 online resource (20 pages) 
490 1 |a Policy Papers 
500 |a <strong>Off-Campus Access:</strong> No User ID or Password Required 
500 |a <strong>On-Campus Access:</strong> No User ID or Password Required 
506 |a Electronic access restricted to authorized BRAC University faculty, staff and students 
520 3 |a As countries design and implement macroprudential policies, they face the challenge of determining what-if any-changes need to be made to their legal and institutional framework to ensure that these policies are effective. Based on a review of experience, it is clear that there are a variety of approaches that can be taken by members, in light of the legal constraints and institutional preferences of each country. Whichever approach is followed, a number of issues need to be addressed when designing legislation in this area, both with respect to the substantive legal provisions and the allocation of institutional responsibilities. As background to 'Key Aspects of Macroprudential Policy', this paper provides an overview of these legal and institutional issues, while recognizing that macroprudential policy is an area that is still evolving. 
538 |a Mode of access: Internet 
830 0 |a Policy Papers; Policy Paper ;  |v No. 2013/053 
856 4 0 |z Full text available on IMF  |u http://elibrary.imf.org/view/journals/007/2013/053/007.2013.issue-053-en.xml  |z IMF e-Library